|
|
|
|
| LEADER |
00000cam a2200000 7i4500 |
| 001 |
0000008944 |
| 002 |
000009745 |
| 005 |
20081205.0 |
| 020 |
|
|
|a 9830460290
|
| 090 |
0 |
0 |
|a 297.3
|b PEN
|
| 100 |
0 |
|
|a Idrus H.Alkaf
|
| 245 |
0 |
0 |
|a Pendinding mukmin
|c Idrus H.Alkaf
|
| 260 |
|
|
|a Kuala Lumpur :
|b Darul Nu'man ,
|c 1995
|
| 300 |
|
|
|a 166 p. ;
|c 18 cm.
|
| 650 |
0 |
0 |
|a Islam and muslims
|
| 999 |
|
|
|a 044033
|b BUKU
|c PINJAMAN
|e PERPUSTAKAAN KOMUNITI PETALING JAYA
|
| 999 |
|
|
|a 046425
|b BUKU
|c PINJAMAN
|e PERPUSTAKAAN KOMUNITI CAW KOTA DAMANSARA
|
| 999 |
|
|
|a 046426
|b BUKU
|c PINJAMAN
|e PERPUSTAKAAN KOMUNITI CAW KOTA DAMANSARA
|